<?xml version="1.0" encoding="UTF-8"?>
<record
    xmlns:xsi="http://www.w3.org/2001/XMLSchema-instance"
    xsi:schemaLocation="http://www.loc.gov/MARC21/slim http://www.loc.gov/standards/marcxml/schema/MARC21slim.xsd"
    xmlns="http://www.loc.gov/MARC21/slim">

  <leader>00693cam1a220022900 4500</leader>
  <controlfield tag="001">tmp15682541</controlfield>
  <controlfield tag="003">UPRA</controlfield>
  <controlfield tag="005">20190822120104.0</controlfield>
  <controlfield tag="008">951003s1967    ne                  eng u</controlfield>
  <datafield tag="035" ind1=" " ind2=" ">
    <subfield code="a">(Sirsi) r94957</subfield>
  </datafield>
  <datafield tag="035" ind1=" " ind2=" ">
    <subfield code="a">(UPRA)tmp15682541</subfield>
  </datafield>
  <datafield tag="040" ind1=" " ind2=" ">
    <subfield code="c">UPRA</subfield>
  </datafield>
  <datafield tag="100" ind1="1" ind2=" ">
    <subfield code="a">Lodder, Jacomina.</subfield>
    <subfield code="6">A52647.1</subfield>
  </datafield>
  <datafield tag="245" ind1="1" ind2="4">
    <subfield code="a">The yeasts :</subfield>
    <subfield code="b">a taxonomic study /</subfield>
    <subfield code="c">by J. Lodder and N.J.W. Kreger-van Rij.</subfield>
  </datafield>
  <datafield tag="260" ind1=" " ind2=" ">
    <subfield code="a">Amsterdam :</subfield>
    <subfield code="b">North-Holland,</subfield>
    <subfield code="c">1967.</subfield>
  </datafield>
  <datafield tag="500" ind1=" " ind2=" ">
    <subfield code="a">First published in 1952.</subfield>
  </datafield>
  <datafield tag="504" ind1=" " ind2=" ">
    <subfield code="a">Includes bibliographies.</subfield>
  </datafield>
  <datafield tag="650" ind1=" " ind2="0">
    <subfield code="a">Yeast.</subfield>
    <subfield code="6">S6826.1</subfield>
  </datafield>
  <datafield tag="700" ind1="2" ind2=" ">
    <subfield code="a">Kreger-Van Rij, N. J. W.</subfield>
    <subfield code="6">A53593.1</subfield>
  </datafield>
  <datafield tag="949" ind1=" " ind2=" ">
    <subfield code="a">QR151</subfield>
    <subfield code="w">lcc</subfield>
    <subfield code="i">-134065</subfield>
    <subfield code="m">MAIN</subfield>
    <subfield code="t">BOOK</subfield>
    <subfield code="l">ON-SHELF</subfield>
  </datafield>
  <controlfield tag="004">94957</controlfield>
  <datafield tag="999" ind1=" " ind2=" ">
    <subfield code="c">134455</subfield>
    <subfield code="d">134455</subfield>
  </datafield>
</record>
